000 00748nam a2200241 i 4500
001 147129
003 ES-MaACL
005 20240522124902.0
007 t|
008 070921s1943 sp ||||1| spa d
100 1 _aTwain, Mark.
_9111791
245 1 4 _aLas aventuras de Tom Sawyer /
_cMark Twain ; [traducción de Simón Santainés ; retablo de P. Riu].
260 _aBarcelona :
_bEdiciones Nausica,
_c[1943]
300 _a318 p., 4 h. ;
_c17 cm.
490 1 _aCol. Retablo ;
_v6
655 0 _9234459
_aNovelas de acción y aventuras
700 1 _aSantainés, Simón.
_9103261
700 1 _aRiu, P.
_997502
830 0 _aCol. Retablo ;
_v6
_9220904
852 _aES-MaACL
_jF-3327
_bR.20375
942 _2udc
999 _c147129
_d147129